| 000 | 00531cam a2200205 4500 | ||
|---|---|---|---|
| 008 | 090401t1986 xxu||||| |||| 00| 0 eng d | ||
| 020 | _a0080330754 | ||
| 035 | _a(Sirsi) u63479 | ||
| 041 | _aeng | ||
| 050 | _a333.33025 | ||
| 110 |
_aRoyal Institution of Chartered Surveyors _94900 |
||
| 245 | _aYear book 1987 | ||
| 260 |
_aLondon _bWaterlow Publishers Ltd _c1986 |
||
| 300 | _alxiv, 1855p. ; 30cm. | ||
| 350 | _a37.5 | ||
| 650 | _aABOUT RICS-RICS MEMBERS | ||
| 650 | _aDIRECTORIES | ||
| 942 | _n0 | ||
| 948 | _c04/03/1997 | ||
| 999 |
_c94569 _d94569 |
||